[Event "85th ESP-ch 2020"]
[Site "Linares"]
[Date "2020.09.08"]
[Round "9.1"]
[White "Santos Latasa, Jaime"]
[Black "Shirov, Alexei"]
[Result "1-0"]
[WhiteElo "2588"]
[BlackElo "2647"]
[Annotator "Cé.Ha."]
[PlyCount "97"]
[EventDate "2020.??.??"]

1. d4 d5 2. c4 c6 3. Nf3 Nf6 4. Nc3 e6 5. e3 Nbd7 6. Qc2 (6. Bd3 dxc4 7. Bxc4
b5 8. Bd3 Bb7 9. O-O a6 10. e4 c5 11. d5 Qc7 12. dxe6 fxe6 13. Bc2 Bd6 14. Ng5
Nf8 15. f4 O-O-O 16. Qe1 e5 17. f5 h6 18. Nf3 N8d7 19. Kh1 Rhe8 20. Bd2 Qc6 21.
Rd1 Nb6 22. Nd5 Nbxd5 23. exd5 Qd7 24. Ba5 e4 25. Ng1 Bc7 26. d6 Bxa5 27. Qxa5
e3 28. Ne2 Qc6 {0-1 (28) Vachier Lagrave,M (2723)-Topalov,V (2798) Stavanger
2015}) 6... Bd6 7. Be2 (7. Bd3 O-O 8. O-O dxc4) 7... O-O 8. O-O dxc4 9. Bxc4 b5
10. Bd3 (10. Be2 Bb7 11. Rd1 Qc7 12. e4 e5 13. Bg5 exd4 14. Rxd4 Ne5 15. g3 Bc5
) 10... Bb7 11. a3 Rc8 {[%mdl 32]} (11... a6 12. b4 a5 13. Rb1 axb4 14. axb4
Qe7 15. e4 e5 16. Ne2 Bxb4 17. Ng3 g6) 12. b4 c5 (12... a5 13. Rb1 axb4 14.
axb4 Qe7 15. e4 e5 16. Ne2 Rfe8) 13. bxc5 Bxf3 $1 14. cxd6 Nd5 15. gxf3 (15.
Bd2 Qg5 16. g3 Rxc3 17. Bxc3 Rc8 18. Qb2 Rxc3 19. Rfc1 Rxc1+ 20. Rxc1 {en wit
staat duidelijk beter.}) 15... Qg5+ 16. Kh1 Qh5 (16... Nxc3 17. Bxh7+ Kh8 18.
Be4 Qh5 (18... Qh4 $2 19. Bd2 Nd5 20. Qb3 N7f6 21. Qxb5 Rfd8 22. Qa6 {en wit
gaat voor winst.}) 19. Bb2 Na4 {en gelijk.}) 17. Be2 Nxc3 (17... Rxc3 $2 18.
Qb2 Rc6 19. Bd2 N7f6 20. Rg1 Qh4 21. Qxb5 (21. Rg3 a6 22. e4 Nf4 23. Be3 {en
wit beter.}) 21... Rb6 (21... Rxd6 22. e4 Nf4 23. Bxf4 Qxf4 24. Qe5 $3 Qxe5 25.
dxe5 {en wit wint.}) 22. Qc4) 18. Rg1 {(Shirov had het al allemaal gespeeld en
wijkt nu af:)} Rfd8 (18... Nf6 19. Bb2 Na4 20. Qd2 Rfd8 21. e4 Rxd6 22. e5 {
1-0 (22) Sethuraman,S (2653)-Shirov,A (2682) Edmonton 2016}) (18... Nb6 19. e4
f6 20. Qd3 {gelijk.}) 19. e4 e5 20. Be3 Nxe2 21. Qxe2 exd4 $1 22. Rg5 Qh6 23.
Bf4 Qf6 24. Rf5 d3 $1 25. Qe1 Qb2 26. Kg2 Nf8 (26... a6 27. Rd5 Qc3 28. Qd1 Qf6
29. Bg3 Rc3 {als zwart het rustig houdt heeft wit niet veel voordeel.}) (26...
Rc2 27. Rd1 Re2 28. Qf1 Qxa3 29. Rxb5 {en wit plus.}) 27. Rd5 Ng6 (27... Ne6
28. Bg3 Rc4) 28. Bg3 h5 29. h3 {(Zie diagram)} (29. Rxh5 $2 d2 30. Qb1 Qxb1 31.
Rxb1 Rc1 {en uit.}) ({Aan te raden was:} 29. h4 Qf6 30. Rc1 Nxh4+ 31. Bxh4 Qxh4
32. Rc7 Qf6 33. Rxd3 (33. Qb1) (33. e5 Qg5+ 34. Kf1 Qh4 35. Kg2 Rxc7 36. dxc7
Rc8 {gelijk.}) 33... Rb8 {en wit iets beter.}) 29... h4 30. Bh2 Rc2 31. Rd1
Qxa3 32. R1xd3 Qb2 33. Qe3 $1 Rd7 (33... a5 34. d7 Nf8 35. Qb6 $1 {en het
wordt moeilijk.}) (33... Re2 34. Qxa7 {en wit duidelijk plus.}) 34. f4 $1 Re2
35. Qf3 {(En wit staat duidelijk beter. De aanval is gestopt.)} Re1 (35... Nf8
36. f5 f6 37. Bf4) 36. Rd1 Rxd1 37. Qxd1 ({Iets minder sterk is} 37. Rxd1 b4)
37... Qb4 38. Qd3 Qc4 39. Qxc4 bxc4 40. f5 Nf8 41. Rc5 f6 42. Rxc4 a5 (42...
Rd8 43. Rc7 Rd7 (43... Ra8 44. e5 $1) 44. Kf3 {en de witte koning komt
aangeslopen. Wit naar winst.}) 43. Rc8 Kf7 44. Ra8 Rb7 45. Rxa5 Nd7 46. Ra2 g5
47. fxg6+ Kxg6 48. Rc2 Rb5 (48... Rb4 49. Rc7 Nf8 50. Kf3) 49. Rc7 1-0

[Event "85th ESP-ch 2020"]
[Site "Linares"]
[Date "2020.08.31"]
[Round "1.2"]
[White "Guillo Longares, Cecilia"]
[Black "Shirov, Alexei"]
[Result "0-1"]
[WhiteElo "2100"]
[BlackElo "2647"]
[Annotator "Cé.Ha."]
[PlyCount "54"]
[EventDate "2020.??.??"]

1. d4 e6 2. c4 Bb4+ 3. Bd2 c5 (3... a5 4. Nf3 d6 5. g3 Nc6 6. Bg2 e5 7. d5
Bxd2+ 8. Qxd2 Nb8 9. Nc3 Na6 10. O-O Nh6 11. Ne1 Nc5 12. Nd3 Nxd3 13. exd3 O-O)
4. Bxb4 cxb4 5. Nf3 a5 (5... Nf6 6. g3 O-O 7. Bg2 d6 8. O-O) (5... Ne7 6. g3 b6
7. Bg2 Bb7 8. O-O O-O 9. Qd3 Ng6 10. Nbd2 d6 11. a3 Na6 12. Qb3 bxa3 13. Rxa3
Nb8 14. Rfa1 a6 15. Qc3 Qc7 16. b4 Nd7 17. Ne1 Rfc8 18. Bxb7 Qxb7 19. Qf3 d5
20. Nd3 h6 21. c5 bxc5 22. bxc5 Ne7 23. Nc4 Rf8 24. Nd6 {1-0 (24) Becker,M 
(2315)-Mueller,M (2180) Germany 2012}) 6. a3 Na6 7. g3 Ne7 8. Bg2 d5 (8... O-O
9. O-O d6 10. Qd3 Bd7) 9. cxd5 Nxd5 10. O-O O-O {(En wit is iets beter.)} 11.
axb4 (11. Qd3 Bd7 12. Rc1 (12. e4 Nb6 13. Nbd2 Qe7)) 11... Naxb4 12. e4 Ne7 (
12... Nf6 13. Ne5 b6 14. Qd2 Bb7) 13. Nc3 b6 14. Qd2 Ba6 15. Rfd1 Ra7 16. Ne5
f6 17. Nf3 Rd7 18. Bh3 Rd6 19. Na2 (19. Rac1 Ng6 20. Qe3 f5 21. d5 f4 $1 22.
gxf4 Nxf4 23. Bxe6+ Nxe6 24. dxe6 Nd3 25. Rc2 {met gelijke kansen.}) 19... Nec6
(19... Nxa2 20. Rxa2 Bb7 21. e5 fxe5 22. Nxe5 Nc6 23. Nxc6 Bxc6 {gelijk.}) 20.
Nxb4 Nxb4 21. Rac1 Bb7 22. Qe3 f5 23. Ng5 $2 (23. exf5 exf5 24. Ne5 f4 25. gxf4
Nd5 26. Qb3 a4 27. Qa2 Rxf4 28. Bg2 Qh4 (28... Qg5 29. Rc3 {gelijk.}) 29. Rc7
Rxf2 30. Rxb7 Rxg2+ 31. Kxg2 Qe4+ 32. Kg1 Qe3+ {is remise.}) 23... h6 $1 24. e5
{(Zie diagram)(Een dreiging met een dreiging beantwoorden is altijd delicaat.
Wit heeft zich misrekend en komt dit niet te boven.)} Rc6 $1 (24... Nd5 25. Qa3
hxg5 (25... Rc6 26. Rxc6 Qxg5 27. Rcc1 Nf4 $2 (27... Nb4 28. f4 Qh5 29. Bf1 g5
(29... Bf3 30. Rd2) 30. Bc4 Bd5 {en wit voordeel.}) 28. Bf1 {en wit duidelijk
plus.}) 26. exd6) 25. Bg2 $2 {(Een verliezende zet.)} (25. Rxc6 Bxc6 26. Nf3 (
26. Nxe6 $2 Qd5 $1) 26... Qe8 27. Bg2 f4 $1 28. Qc3 (28. gxf4 $4 Nd5) 28... Qf7
$1 {zwart plus.}) 25... hxg5 26. Bxc6 Bxc6 27. Rc3 (27. d5 Bxd5 28. f4 gxf4 29.
Qxf4 g5 30. Qf2 f4 {en zwart komt aanrollen.}) 27... Nd5 0-1

[Event "ch-Schachbundesliga 2020"]
[Site "Karlsruhe GER"]
[Date "2020.09.18"]
[Round "4.1"]
[White "L'Ami, Erwin"]
[Black "Caruana, Fabiano"]
[Result "1-0"]
[WhiteElo "2620"]
[BlackElo "2835"]
[Annotator "Cé.Ha."]
[PlyCount "97"]
[EventDate "2020.??.??"]

1. d4 Nf6 2. c4 e6 3. Nf3 (3. Nc3 Bb4 4. e3 c5 5. Bd3 d5 6. cxd5 exd5 7. dxc5
O-O 8. Nf3 Bxc5 9. O-O Nc6 10. b3 Bg4 11. Bb2 Qe7 12. h3 Bxf3 13. Qxf3 d4 14.
Na4 Ne5 15. Qe2 dxe3 16. Nxc5 Qxc5 17. fxe3 Nxd3 18. Qxd3 Rfe8 19. Bxf6 gxf6
20. Rf3 Rad8 21. Qe2 Qc3 22. Raf1 Qd2 23. Rg3+ Kh8 24. Qf3 Qd6 25. Rg4 Qe6 26.
e4 Rd6 27. Rf4 Rc8 28. Qh5 Rg8 29. Kh1 Rg6 30. Rh4 h6 31. Qc5 Rd2 {1-0 (31)
Vaisser,A (2502)-Karpov,A (2623) Platja d'Aro 2018}) 3... d5 4. Nc3 h6 {
(Caruana gaat over naar een kleinere variant.)} (4... Be7 5. Bg5 O-O 6. e3 h6
7. Bh4 b6 8. cxd5 Nxd5) (4... dxc4 5. e4 b5 6. e5 Nd5 7. Nxb5 Nb6 8. a4 Qd7 9.
Be2 Nc6 10. O-O Na5 11. Ng5 h6 12. Ne4 Bb7 13. Nc5 Bxc5 14. dxc5 Nd5 15. Ra3 a6
16. Nd4 Ne7 17. Qd2 Qd5 18. Rg3 Qxc5 19. b4 cxb3 20. Ba3 Qxa3 21. Qxa5 Bd5 22.
Rxg7 c5 23. Bh5 cxd4 24. Rxf7 Kd7 25. Bg4 Kc6 26. Bxe6 Bxe6 27. Rf6 Kd7 28. Qb6
Bd5 29. Rd6+ Ke8 30. Rxd5 Nxd5 31. Qc6+ Ke7 32. Qb7+ Ke6 33. Qc6+ Ke7 34. Qb7+
Ke6 35. Qc6+ Kf5 36. Qxd5 Qe7 37. e6+ Kg6 38. Qe4+ Kg7 39. Qxd4+ Kg8 40. Qg4+
Qg7 41. Qc4 b2 42. f4 Rb8 43. Qe4 Rh7 44. Rb1 Qb7 45. Qe2 Rc7 {0-1 (45)
Carlsen,M (2863)-Nakamura,H (2736) chess24.com INT 2020}) 5. Bf4 Bb4 (5... Bd6
6. Bxd6 cxd6 7. cxd5 Nxd5 8. Nxd5 exd5 9. e3 O-O 10. Bd3 Nc6 11. O-O) 6. cxd5
Nxd5 {(Dit zou nieuw zijn. Niet in de database. Wit een klein beetje beter.)}
7. Bd2 O-O 8. g3 Nxc3 9. bxc3 Ba5 10. g4 $2 (10. Bg2 c5 11. O-O Nc6 12. Rb1 Bb6
{en wit behoudt het kleine voordeel.}) 10... c5 11. Rg1 $1 {(wit heeft wel
agressieve plannen. Niet zo gek.)} Nc6 12. dxc5 e5 13. Qc2 Re8 14. g5 {(Wit
blijft bij zijn plan en zwart mist!)} (14. O-O-O Qd5 15. g5) 14... g6 $2 {(Zie
diagram)(Zwart vangt de aanval verkeerd op, en wit krijgt een lastige pion.)} (
14... hxg5 {moest gespeeld worden.} 15. Nxg5 e4 $1 (15... Kf8 $4 16. O-O-O g6
17. Nxf7 $1 {en wit wint.} Qf6 (17... Kxf7 $4 {en mat volgt.} 18. Qxg6+ Ke7 19.
Bg5+ Kf8 20. Bh6+ Ke7 21. Qg7+ Ke6 22. Bh3#) 18. Rxg6 Qxf7 19. Bh6+ Ke7 20. Rg7
) 16. O-O-O $1 {gelijk.}) 15. gxh6 e4 16. Ng5 Bf5 17. O-O-O (17. Qb3 $1 Qf6 18.
O-O-O Rad8 19. Bh3 Rxd2 20. Rxd2 e3 21. Rd6 {en dat is nie leuk voor zwart.}
Qxc3+ 22. Qxc3 Bxc3 23. Bxf5 gxf5 24. h7+ Kf8 25. Rd7 Re7 26. Ne4 $1 Bg7 (26...
Rxd7 27. Nxc3 Ke7 28. h8=Q) 27. Nf6 Rxd7 28. Nxd7+ Ke7 29. f4 Bh8 30. Rg8)
17... Qf6 $2 (17... e3 {drong zich op en zwart kan nog vechten.} 18. Bxe3 Bxc2
19. Rxd8 Bxd8 (19... Raxd8) 20. Kxc2 Bxg5 21. Rxg5 Rad8 22. Bg2 Kh7 23. Rg4)
18. Bh3 e3 19. Bxf5 exd2+ 20. Rxd2 Re5 21. Nxf7 $1 Qxf7 22. Bxg6 Qxf2 23. Bf7+
Kh8 (23... Kf8 24. Rg8+ Ke7 (24... Kxf7 25. Qg6+ {loopt mat.}) 25. Rxa8 {en
uit.}) 24. Qg6 Rg5 25. Rxg5 Bxc3 26. Kc2 Ne7 27. Qe4 Bf6 28. Re5 Rf8 29. e3 Qf1
30. Bc4 Qa1 31. Rxe7 Qc3+ 32. Kd1 Qa1+ 33. Kc2 Qc3+ 34. Kd1 Qa1+ 35. Ke2 Bxe7
36. Qd4+ Qxd4 37. exd4 Rf4 38. Bd5 Bf6 39. Ke3 Rh4 40. Rd3 Rh3+ 41. Kd2 Rxh2+
42. Kc3 Kh7 (42... Rxh6 43. Bxb7 Kg7 44. Kb3 a5 (44... Be7 45. Rc3 (45. c6 Bd6
46. Re3) 45... Bd8 46. d5) 45. d5 {enz....}) 43. Bxb7 Rxa2 44. Kb3 Ra1 45. c6
Bd8 46. d5 Ba5 47. d6 Rc1 48. Rd5 Bd8 49. Rd4 (49. Rh5 Kh8 50. Re5 Bf6 51. Rf5
Bh4 52. c7) 1-0

[Event "ch-Schachbundesliga 2020"]
[Site "Karlsruhe GER"]
[Date "2020.09.19"]
[Round "5.6"]
[White "Lemmers, Oscar"]
[Black "Beikert, Guenther"]
[Result "1-0"]
[WhiteElo "2348"]
[BlackElo "2395"]
[Annotator "Cé.Ha."]
[PlyCount "43"]
[EventDate "2020.??.??"]

1. e4 c5 2. c3 Nf6 ({Ongeveer evenveel gespeeld als} 2... d5 3. exd5 Qxd5 4. d4
Nf6 5. Nf3 Bg4 6. Be2 e6 7. O-O Nc6 8. Be3 cxd4 9. cxd4 Be7 10. Nc3 Qd6 11. h3
Bh5 12. Qb3 O-O {maar dan gaan we een heel andere weg op.}) 3. e5 Nd5 4. d4
cxd4 5. Nf3 e6 (5... Nc6 6. cxd4 d6 7. Bc4 Nb6 8. Bb3 g6 9. O-O Bg7 10. e6 Bxe6
11. d5 Bd7 12. dxc6 bxc6 13. Re1 O-O 14. Bg5 Re8 15. Nc3 d5 16. Qd2 f6 17. Bh6
e5 18. Bxg7 Kxg7 19. Na4 Qe7 20. Rac1 Qd6 21. Nc5 Rab8 22. h3 Bc8 23. Rc2 Nd7
24. Nxd7 Bxd7 25. Rec1 Rb4 26. Rc5 Reb8 27. Ne1 Rd4 28. Qa5 e4 29. Qxa7 Rd2 30.
Rxc6 Qf4 31. Rc7 d4 32. Rxd7+ Kh6 33. Rxh7+ Kg5 34. Rc5+ {1-0 (34) Edouard,R 
(2641)-Gustafsson,J (2645) chess24.com INT 2020}) 6. cxd4 b6 (6... d6 7. Bc4
Nc6 8. O-O Be7 9. Qe2 O-O) 7. Bd3 Ba6 (7... Bb7 8. O-O Be7 9. Nc3 O-O) 8. O-O
Be7 9. Nc3 Nxc3 10. bxc3 Bxd3 11. Qxd3 d5 (11... O-O 12. d5 exd5 13. Rd1 Qc7
14. Bf4 Nc6 15. Qxd5 Rad8 16. Rd3 h6 17. Rad1 Qc8 18. Nd2 Qa6 19. Ne4 Qa4 20.
Rh3 Qc2 21. Kf1 Rfe8 22. Rc1 Qa4 23. Bxh6 gxh6 24. Rg3+ Kf8 25. Nf6 Ba3 26.
Rg8+ {1-0 (26) Muhren,B (2334)-Panno,O (2457) Arnhem 2007}) 12. exd6 Qxd6 {
(Zie diagram) (En wit lost het probleem van de niet zo goede loper op!!)} 13.
Ba3 $1 {(En in de database zien we een overweldigende meerderheid van nullen
voor zwart. 3 Remises op 21!)} Qd5 (13... Qxa3 14. Qe4 O-O 15. Qxa8 Qa6 16. Qe4
{en wit duidelijk plus.}) 14. c4 Qf5 (14... Qb7 15. Bxe7 Kxe7 (15... Qxe7 $4
16. Qe4) 16. Rfe1 {en wit duidelijk plus.}) 15. Qxf5 exf5 16. Rfe1 {(En zwart
blijft in grove problemen!)} Nc6 17. d5 ({Dit kon natuurlijk ook:} 17. Rxe7+
Nxe7 18. Re1 O-O-O 19. Bxe7 Rde8 20. d5 {en wit naar winst..}) 17... Kd8 18.
dxc6 Bxa3 19. Rad1+ Kc7 20. Rd7+ Kxc6 21. Ne5+ Kc5 22. Rb1 (22. Rb1 Bb4 23.
Rd5#) 1-0

[Event "ch-Schachbundesliga 2020"]
[Site "Karlsruhe GER"]
[Date "2020.09.17"]
[Round "2.3"]
[White "Smeets, Jan"]
[Black "Vandenbussche, Thibaut"]
[Result "1-0"]
[WhiteElo "2585"]
[BlackElo "2435"]
[Annotator "Cé.Ha."]
[PlyCount "63"]
[EventDate "2020.??.??"]

1. e4 e6 2. d4 d5 3. exd5 exd5 4. Nf3 Bd6 5. c4 Nf6 6. c5 (6. Nc3 O-O 7. cxd5
Nbd7 8. Be2 Nb6 9. Bg5 Be7 10. Bxf6 Bxf6 11. Qb3 a5 12. a4 Bg4 13. O-O) 6...
Be7 7. Bd3 (7. Qa4+ c6 8. Bd3 Bg4 9. Ne5 Bh5 10. Nc3 Nfd7 11. Bf4 Nxe5 12. Bxe5
Nd7 13. Bg3 O-O 14. O-O Bg6 15. Bxg6 hxg6 16. Rfe1 Re8 17. Kf1 Nf8 18. b4 a6
19. Qd1 b5 20. a4 Ne6 21. Be5 Bf6 22. g3 Bxe5 23. Rxe5 Qf6 24. Ne2 Qf3 25. Kg1
Ng5 26. Rxe8+ Rxe8 27. Nf4 Qc3 28. Kg2 Ne4 29. axb5 axb5 30. Ra6 Nd2 31. Rxc6
Qxd4 32. Rd6 Qe4+ 33. f3 Qxb4 34. Rxd5 Nc4 35. Rd8 Ne3+ {0-1 (35) Godart,F 
(2439)-Zaragatski,I (2489) Belgium 2019}) 7... b6 (7... O-O 8. O-O b6) 8. Be3
O-O 9. O-O bxc5 10. dxc5 Bg4 (10... Na6 11. Bxa6 Bxa6) 11. Nbd2 Nc6 12. Qa4 Bd7
13. Bb5 Qe8 14. Rfe1 Nd8 (14... a6) 15. Bxd7 Qxd7 16. Qa6 (16. Qxd7 Nxd7 17.
Nb3 Re8 18. Bg5 Nc6 19. Bxe7 Rxe7 20. Rxe7 Nxe7 21. Nfd4 Ne5 22. Re1 N7g6 {en
gelijk.}) 16... Ng4 17. b4 Nc6 {(Zie diagram)} ({Geen slechte zet, maar ik
vind dat wie "a" zegt moet "b" zeggen?} 17... Nxe3 $1 18. Rxe3 Bf6 19. Rd1 (19.
Rae1 Ne6) 19... Qg4 20. a3 Ne6 {gelijk.}) 18. a3 Bf6 19. Rad1 Rae8 (19... Nxe3
20. Rxe3 Rfe8 21. Ne4 $1 {en wit iets beter.}) 20. Bf4 Nd4 {(En hier gaat he
mis. Wit neemt het initiatief.)} (20... Nge5 21. Bg3 Nxf3+ 22. Nxf3 h6 {wit
iets beter.}) 21. h3 Qf5 (21... Ne6 22. Bg3 Nh6 23. Ne4 $1 {en wit plus.}) 22.
Bxc7 Nxf2 {(Wanhoop. Zeker niet de beste oplossing. Maar een echte redding is
er toch al niet meer.)} (22... Nh6 23. Bd6) (22... Rxe1+ 23. Rxe1 Nh6 24. Bd6
Rd8 25. c6 $1 {en uit.}) 23. Kxf2 Re6 24. Rxe6 fxe6 25. Kg1 g5 26. Rf1 Nxf3+
27. Rxf3 Bd4+ 28. Kh1 Qg6 29. Rxf8+ Kxf8 30. Bd6+ Kg7 31. Qf1 Bf6 32. c6 1-0

[Event "5th Vergani Cup Dec. A 2020"]
[Site "Bassano del Grappa"]
[Date "2020.12.28"]
[Round "4.4"]
[White "Niemann, Hans Moke"]
[Black "Dardha, Daniel"]
[Result "0-1"]
[WhiteElo "2472"]
[BlackElo "2487"]
[Annotator "Cé.Ha."]
[PlyCount "104"]
[EventDate "2020.??.??"]

1. e4 c5 2. Nf3 Nc6 3. Bb5 g6 4. O-O Bg7 5. Re1 (5. c3 Nf6 6. Re1 O-O) 5... e5
6. b4 (6. Bxc6 dxc6 7. d3 Qe7 8. Nbd2 Nh6 9. Nc4 f6 10. a4 b6 11. h3 Nf7 12.
Be3 O-O) 6... cxb4 7. a3 Nge7 8. axb4 O-O 9. Bxc6 (9. Bb2 d6 10. Bxc6 Nxc6 11.
b5 Qb6 12. Na3 Na5 13. Bc3 Qc7) 9... dxc6 10. d3 (10. Bb2 Qc7 11. d3) 10... Bg4
(10... Be6 11. Be3 b6 12. Qc1 Qd6 13. Ra4 Kh8 14. Nc3 Nc8 15. h3 Bd7 16. Rd1
Qe7 17. d4 c5 18. Nd5 Qd8 19. dxe5 Bxa4 20. Bg5 Qd7 21. Bf6 Qc6 22. Qa1 Bxf6
23. exf6 Nd6 24. Ne5 Qb7 25. Qxa4 Nxe4 26. b5 Ng5 27. Qh4 Ne6 28. Ne7 Qc7 29.
Rd7 Qxe5 30. Nxg6+ {1-0 (30) Glek,I (2600)-Lemmers,O (2365) Belgium 1995}) 11.
Be3 f5 12. h3 Bh5 13. Nbd2 f4 $1 14. g4 (14. Bc5 b6 15. Bxe7 Qxe7 16. Qb1 Kh8 {
en niets aan de hand.}) 14... fxe3 15. fxe3 Bxg4 16. hxg4 {(En zwart komt iets
beter)} Qd7 17. Nh2 Nc8 18. g5 Qe7 19. Qg4 Qxb4 20. Qe6+ Rf7 21. Ndf3 Qe7 (
21... Qd6 22. Qh3 Nb6 23. Ng4 {en zwart staat stevig.}) 22. Qh3 Nb6 (22... a5
$1 23. Kg2 Nb6 24. Rh1 $6 Nd7 $1 {en de dekking van h7 wordt verzekerd. Zwart
is beter.}) 23. Kg2 Nd7 24. Ng4 a5 25. Rh1 Nf8 26. Qg3 {(Zie diagram)} Rxf3 $3
{(Dit getuigt van een dieper inzicht in een schaakstelling!)} 27. Kxf3 (27.
Qxf3 Qxg5 28. Kf1 {en zwart duidelijk plus.}) 27... Qxg5 28. c4 (28. Nh2 Qe7 (
28... Qxg3+ 29. Kxg3 a4) 29. Qe1 a4 30. Qc3 Nd7 {zwart plus.}) 28... h5 (28...
a4 29. Qh4 Qxh4 30. Rxh4 h5 31. Nf2 {zwart is beter.}) 29. Nh2 Qxg3+ 30. Kxg3
Ne6 (30... Nd7 31. Nf3 Nc5 32. Rhg1 Bf6 (32... Nxd3 33. Kh2 Rf8 34. Nh4 Rf2+
35. Kg3 g5 36. Nf3 Re2 37. Nxg5 Rxe3+ 38. Kh2 Bh6 39. Raf1 Re2+ 40. Kh1 a4 {
zwart iets beter in delicate stelling.} 41. Rf6 Bg7 42. Rg6 Nf2+ 43. Kg2 Rd2
44. Kf3 Ng4 45. Kg3 a3 {gelijk.})) 31. Kf3 (31. Nf3 a4) 31... a4 32. Ke2 Nc5
33. Rhb1 Rd8 34. Nf3 (34. Ra3 {is minder.}) 34... Rxd3 ({Duidelijk sterker was
} 34... Bf6 {wat de loper meer macht geeft.} 35. Ra3 Kh7 {het centrum ligt
vast en zwart kan drukken op de twee flanken.}) 35. Rxb7 $2 {de truk met de
duif valt slecht uit!} Bh6 $1 36. Rb8+ Kg7 37. Rf1 $2 (37. Rb7+ Kf6 38. Rf7+
Ke6 39. Rc7 Rxe3+ 40. Kf1 (40. Kf2 Nxe4+ 41. Kg2 Re2+ 42. Kh3 Kd6 43. Rh7 Bf4)
40... Rxf3+ 41. Kg2) (37. Nxe5 Rxe3+ 38. Kf1 Bf4 $1 {en zwart wint.}) 37...
Rxe3+ 38. Kd1 Rxe4 39. Rc8 Bf4 40. Rc7+ (40. Rxc6 Rxc4 41. Rg1 g5 {en wit
totaal in de knoei.}) 40... Kh6 41. Rxc6 Rxc4 42. Nh4 $2 (42. Rg1 Rc1+ 43. Ke2
Rxg1 44. Nxg1 Ne4 45. Rc4 Ng3+ 46. Kf2 a3 47. Ra4 h4 48. Rxa3 g5 49. Ra8 g4 50.
Rh8+ Kg5 51. Rg8+ Kh5 (51... Kf5 52. Rf8+ Ke4 53. Rg8 (53. Kg2 Bg5) 53... h3 $1
)) 42... Rc1+ 43. Ke2 Rc2+ (43... Rxf1 {is niet zo goed.}) 44. Kf3 Kg5 45.
Rxg6+ Kxh4 46. Rh1+ Rh2 {(alles gedekt. Zwart speelt perfect.)} 47. Rxh2+ Bxh2
48. Rg2 Kh3 49. Rc2 e4+ 50. Ke2 Bg1 51. Kf1 Bd4 52. Rc4 a3 $1 {(Zozie!)} (52...
a3 53. Rc2 (53. Rxd4 a2 54. Rd1 Nb3) 53... Bb2 (53... Nd3 54. Ra2 Bb2 55. Ke2 (
55. Kg1 Nc1) 55... Nc1+) 54. Rxc5 a2 55. Rxh5+ Kg3 56. Rg5+ Kf4 57. Ra5 a1=Q+
58. Rxa1 Bxa1) 0-1

[Event "73rd RUS-ch Superfinal 2020"]
[Site "Moscow"]
[Date "2020.12.13"]
[Round "8.1"]
[White "Karjakin, Sergey"]
[Black "Svidler, Peter"]
[Result "1-0"]
[WhiteElo "2752"]
[BlackElo "2723"]
[Annotator "Cé.Ha."]
[PlyCount "75"]
[EventDate "2020.??.??"]

1. e4 c5 2. Nf3 d6 3. d4 cxd4 4. Nxd4 Nf6 5. Nc3 a6 6. Bg5 e6 7. f4 Qc7 (7...
Qb6 8. Qd2 Qxb2 9. Rb1 Qa3 10. e5 dxe5 11. fxe5 Nfd7 12. Ne4 h6 13. Bh4 Qxa2
14. Rd1 Qd5 15. Qe3 Qxe5 16. Be2 Bc5 17. Bg3 Bxd4 18. Rxd4 Qa5+ 19. Rd2 O-O) 8.
Bxf6 gxf6 9. Qd2 Nc6 10. O-O-O b5 (10... Bd7 11. Kb1 O-O-O) 11. Kb1 Nxd4 (11...
Bb7 12. Nxc6 Bxc6) 12. Qxd4 Be7 13. f5 Bd7 (13... Qc5 14. Qd2 Bb7) 14. Qd2
O-O-O 15. Ne2 d5 16. exd5 Bc6 $1 17. Qe3 Bxd5 18. Nc3 Bb7 {(En gelijke stand)}
19. Bd3 Kb8 20. fxe6 Bc5 21. Qh3 fxe6 22. Qxe6 Bd4 23. Be4 Bxc3 24. Bxb7 Kxb7
25. bxc3 Qxc3 26. Qe7+ Kc8 27. a3 Rhe8 28. Qxh7 Qxa3 29. Qf5+ Kc7 30. Qf4+ (30.
Qxf6 Qb4+ 31. Qb2 Qc5 32. h3 Rc8 33. Rhe1 Rcd8 34. Rf1 Rxd1+ 35. Rxd1 {
ongeveer gelijk. Wit iets beter.}) 30... Kb7 $1 31. Qxf6 (31. Rxd8 Rxd8 32. h4
Qc5 33. h5 Rd4 34. Qf3+ Kc7 35. h6 $2 Rb4+ 36. Ka1 Qxc2 37. Qg3+ Kb7 38. Qf3+)
31... Qb4+ 32. Qb2 Qg4 33. Rxd8 Rxd8 34. Re1 Qxg2 $2 {(Zie diagram)(Te gulzig.
Eerst moest de toren geruild worden.Lijkt sterke zet, maar nu voert wit het
initiatief en dat slaat door.)} (34... Rd1+ 35. Rxd1 Qxd1+ 36. Ka2 Qd5+ 37. Qb3
Qxg2 {gelijk. En wit staat met twee losse pionnen tegen twee verbonden. Wegens
de dames niet direct belangrijk. Anderzijds kan de h-pion wel gevaar opleveren.
} 38. Qf7+ Kc6 39. Qf6+ Kc5 40. Qe7+ Kc4 41. Qc7+ (41. Qf7+ Qd5 42. Qc7+ (42.
Qxd5+ Kxd5 43. Kb3 a5 44. c3 Ke5 45. c4 a4+ 46. Kc3 bxc4 47. Kxc4 a3 48. Kb3 {
allemaal duidelijk remise.}))) 35. Re7+ $1 Ka8 (35... Kb6 $4 36. Qf6+ Ka5 37.
Qc3+ {en het einde nadert.}) 36. Qf6 Qg1+ 37. Ka2 Qg8+ 38. Rf7 (38. Kb2 Qh8 39.
Rg7 $1 {en zwart moet de dame geven om mat in 2 te vermijden of:} Rd7 40. Qxa6+
Kb8 41. Qb6+ Kc8 42. Qc6+ {enzovoort...}) 1-0

[Event "70th RUS-ch Women Superfinal 2020"]
[Site "Moscow"]
[Date "2020.12.13"]
[Round "8.4"]
[White "Shuvalova, Polina"]
[Black "Galliamova, Alisa"]
[Result "0-1"]
[WhiteElo "2454"]
[BlackElo "2438"]
[Annotator "Cé.Ha."]
[PlyCount "104"]
[EventDate "2020.??.??"]

1. e4 e5 2. Nf3 Nc6 3. Bb5 Nf6 4. d3 Bc5 5. Bxc6 dxc6 6. Nbd2 Nd7 7. O-O (7.
Nc4 O-O 8. O-O Re8 9. Bd2 f6 10. b4 Bf8) 7... O-O 8. c3 Re8 9. Nc4 b5 (9... Bf8
10. Qc2 a5 11. a4 f6 12. Be3 Nc5) 10. Na5 Qf6 11. a4 a6 12. b4 Bf8 13. Nb3 Nb6
14. axb5 (14. a5 $6 Na4 {en zwart klein voordeel.}) 14... cxb5 15. Be3 Bg4 16.
h3 Bh5 17. g4 Bg6 18. Nfd2 Na4 19. Qc2 Qc6 20. Rac1 Rad8 21. Rfd1 Rd7 (21... f6
{en zwarts loper kan de vrije diagonaal innemen wat zwart enig voordeel
oplevert.}) 22. f3 Red8 23. d4 exd4 24. cxd4 Qxc2 25. Rxc2 Bxb4 26. Rdc1 Ba3
27. Ra1 Bb4 28. f4 {(Zie diagram)(Een dreiging die er geen is na enig nazicht.
In tegendeel. Het verlies is ingezet!)} Bxd2 $1 (28... f6 29. f5 Bf7 30. d5 Re7
31. Bc5 Nxc5 32. Nxc5 c6 33. Ne6 Bxe6 34. fxe6 cxd5 35. exd5 Kf8 (35... h5 36.
Rxa6 hxg4 37. hxg4 Rxd5 38. Nf3 Bd6 39. Re2 {met zwart voordeel.})) 29. Nxd2
Bxe4 $1 30. Nxe4 Re7 31. Bf2 Rxe4 32. Rxc7 Rxf4 (32... h5 $1 {is sterker.} 33.
gxh5 Rxf4 34. Ra3 Rd5 35. h6 Rg5+ 36. Rg3 gxh6 37. Rxg5+ hxg5 38. Rc6 Nb2 {en
zwart veel beter.}) 33. Ra7 $5 (33. Bh4 $1 {is veel sterker. Wegens het mat
achter de paaltjes mag de toren niet weg van de achtste rij, dus moet de
d-lijn opgeven, wat kansen biedt voor de witte d-pion.} Re8 34. d5 f6 (34...
Rd4 35. Rf1 $1 Rf8 36. d6 h6 37. Be7 Re8 38. d7 Rxe7 39. d8=R+ Rxd8 40. Rxe7 f6
{dynamisch gelijk}) 35. Bf2) 33... h5 $1 {(en zwart duidelijk plus.)} 34. gxh5
Rd5 35. Ra3 Rxh5 36. Rxa6 Rg5+ 37. Rg3 Rxg3+ 38. Bxg3 Rxd4 {(En de partij is
ver beslist!)} 39. Ra8+ Kh7 40. Rb8 Rd5 41. Kg2 Rf5 42. h4 Nb2 43. Kh3 Nd3 44.
Kg4 (44. Bd6 Rd5 45. Be7 Ne5 46. Rb7 Kg6 47. Bf8 Nd7 {zwart wint.}) 44... Kg6
45. Rb6+ f6 46. Rb7 b4 47. Bb8 (47. Bd6 $2 Nf2+ 48. Kg3 Ne4+) 47... Rd5 48. Kf3
Rd8 49. Bg3 Rd4 50. Ke3 Nc5 51. Rb6 Rd3+ 52. Kf4 b3 {(Ik zou het de stappen
methode noemen. De zwarte pion krijgt telkens het volgende veld gedekt en gaat
naar de glorie!)} 0-1